01076 2200433 4500001002100000005001500021035002000036008004100056245010700097100001800204700001900222700002300241260002600264300003100290020001800321084001600339082001000355650001800365500003100383990001200414990001200426990001200438990001200450990001200462990001200474990001200486990001200498990001200510990001200522990001200534990001200546990001200558990001200570990001200582990001200594990001200606990001200618990001200630INLIS00000000001626220230705091011 a0010-0523000022230705 e 1 ind 1 aOkitenemuru :bThe Awaken 6 /cHitori Renda; alih bahasa, Aswini Rosita; penyunting, Seryan Wira Ganda aHITORI, Renda aASWINI, Rosita0 aSERYAN, Wira Ganda aJakarta :bM&C,c2019 a172 hal. :bilus. ;c17 cm a9786024806880 a741.5 HIT o a741.5 4aKOMIK. BACAAN aJudul asli : Okitenemuru 6 a11063 a a11063 b a11063 c a11063 d a11063 e a11063 f a11063 g a11063 h a11063 i a11063 j a11063 k a11063 l a11063 m a11063 n a11063 o a11063 p a11063 q a11063 r a11063 s